[Event "Titled Tuesday 2022.08.23 Late"]
[Site "chess.com INT"]
[Date "2022.08.23"]
[Round "4"]
[White "Vemparala, Nikash"]
[Black "Kaufman, Raymond"]
[Result "1-0"]
[WhiteElo "2034"]
[BlackElo "2202"]
[PlyCount "61"]
[GameId "2130307571563639"]
[EventDate "2022.08.23"]
[EventType "swiss (blitz)"]
[EventRounds "11"]
[EventCountry "NET"]
[SourceTitle "The Week in Chess 1451"]
[Source "Mark Crowther"]
[SourceDate "2022.08.29"]
[SourceVersion "1"]
[SourceVersionDate "2022.08.29"]
[SourceQuality "2"]

1. e4 e5 2. Nf3 Nc6 3. Bc4 Bc5 4. c3 Nf6 5. d3 d6 6. O-O a5 7. a4 O-O 8. h3 h6 9. Re1 Ba7 10. Bb3 Re8 11. Nbd2 Be6 12. Bc2 Qd7 13. Nf1 Rad8 14. Be3 Bxe3 15. Nxe3 d5 16. exd5 Nxd5 17. Nc4 f6 18. d4 Nxc3 19. Ncxe5 Nxd1 20. Nxd7 Nxb2 21. Nc5 Bd5 22. Rxe8+ Rxe8 23. Rb1 Nc4 24. Nxb7 Na3 25. Bb3 Bxb3 26. Rxb3 Nc4 27. Rc3 Nxd4 28. Nxd4 Nb6 29. Nxa5 Nxa4 30. Rxc7 Re1+ 31. Kh2 1-0

[Event "Titled Tuesday 2022.08.23 Late"]
[Site "chess.com INT"]
[Date "2022.08.23"]
[Round "5"]
[White "Kaufman, Raymond"]
[Black "Hercegovac, Neven"]
[Result "1-0"]
[WhiteElo "2202"]
[BlackElo "2185"]
[PlyCount "55"]
[GameId "2130307571567754"]
[EventDate "2022.08.23"]
[EventType "swiss (blitz)"]
[EventRounds "11"]
[EventCountry "NET"]
[SourceTitle "The Week in Chess 1451"]
[Source "Mark Crowther"]
[SourceDate "2022.08.29"]
[SourceVersion "1"]
[SourceVersionDate "2022.08.29"]
[SourceQuality "2"]

1. d4 Nf6 2. c4 c5 3. d5 b5 4. cxb5 a6 5. b6 Qxb6 6. Nc3 d6 7. e4 g6 8. Nf3 Bg7 9. Nd2 O-O 10. Be2 Nbd7 11. O-O Qc7 12. a4 Bb7 13. a5 e6 14. Nc4 Nxe4 15. Nxe4 exd5 16. Nexd6 dxc4 17. Nxb7 Qxb7 18. Bf3 Qb5 19. Bxa8 Rxa8 20. Qe2 Rb8 21. Bf4 Rc8 22. Rad1 Bxb2 23. Rb1 c3 24. Qe7 Nf8 25. Be5 Ne6 26. Qf6 Kf8 27. Qh8+ Ke7 28. Qxc8 1-0

[Event "Titled Tuesday 2022.08.23 Late"]
[Site "chess.com INT"]
[Date "2022.08.23"]
[Round "6"]
[White "Bulgurlu, Okan"]
[Black "Kaufman, Raymond"]
[Result "0-1"]
[WhiteElo "2001"]
[BlackElo "2202"]
[PlyCount "64"]
[GameId "2130307571567777"]
[EventDate "2022.08.23"]
[EventType "swiss (blitz)"]
[EventRounds "11"]
[EventCountry "NET"]
[SourceTitle "The Week in Chess 1451"]
[Source "Mark Crowther"]
[SourceDate "2022.08.29"]
[SourceVersion "1"]
[SourceVersionDate "2022.08.29"]
[SourceQuality "2"]

1. Nf3 c5 2. c4 Nc6 3. d3 g6 4. g3 Bg7 5. Bg2 e6 6. O-O Nge7 7. Nbd2 O-O 8. Rb1 d5 9. cxd5 exd5 10. a3 a5 11. Nb3 b6 12. Bf4 Re8 13. Re1 a4 14. Nbd2 Nf5 15. b3 axb3 16. Qxb3 Nfd4 17. Nxd4 Nxd4 18. Qxd5 Rxa3 19. e3 Qxd5 20. Bxd5 Nc2 21. Rec1 Nb4 22. Nc4 Rxd3 23. Nd6 Rd8 24. Bxf7+ Kf8 25. Rxb4 cxb4 26. Nxc8 Rd1+ 27. Rxd1 Rxd1+ 28. Kg2 Kxf7 29. Nxb6 b3 30. Nc4 Rc1 31. Nd2 b2 32. e4 Rd1 0-1

[Event "Titled Tuesday 2022.08.09 Early"]
[Site "chess.com INT"]
[Date "2022.08.09"]
[Round "1"]
[White "Kaufman, Raymond"]
[Black "Levitskiy, Andrey"]
[Result "0-1"]
[WhiteElo "2202"]
[BlackElo "2338"]
[PlyCount "62"]
[GameId "2130307572200625"]
[EventDate "2022.08.09"]
[EventType "swiss (blitz)"]
[EventRounds "11"]
[EventCountry "NET"]
[SourceTitle "The Week in Chess 1449"]
[Source "Mark Crowther"]
[SourceDate "2022.08.15"]
[SourceVersion "1"]
[SourceVersionDate "2022.08.15"]
[SourceQuality "2"]

1. e4 e6 2. d4 d5 3. Nc3 Bb4 4. Nge2 Nc6 5. Be3 dxe4 6. a3 Bxc3+ 7. Nxc3 Nf6 8. Bb5 Bd7 9. Qe2 a6 10. Ba4 h6 11. O-O-O Ne7 12. Bb3 Ned5 13. Nxd5 exd5 14. f3 Be6 15. c4 exf3 16. gxf3 dxc4 17. Bxc4 Bxc4 18. Qxc4 Qd5 19. Qxc7 O-O 20. Qe5 Qa2 21. d5 Rfe8 22. Qd4 Nxd5 23. Qxd5 Qxd5 24. Rxd5 Rxe3 25. Rd7 b5 26. f4 Rf3 27. Rd4 Re8 28. Rhd1 Re2 29. Rd8+ Kh7 30. R8d6 Rxf4 31. Rxa6 Rff2 0-1

[Event "Titled Tuesday 2022.08.09 Early"]
[Site "chess.com INT"]
[Date "2022.08.09"]
[Round "6"]
[White "Kaufman, Raymond"]
[Black "Miszler, Levente"]
[Result "0-1"]
[WhiteElo "2202"]
[BlackElo "2252"]
[PlyCount "118"]
[GameId "2130307572209029"]
[EventDate "2022.08.09"]
[EventType "swiss (blitz)"]
[EventRounds "11"]
[EventCountry "NET"]
[SourceTitle "The Week in Chess 1449"]
[Source "Mark Crowther"]
[SourceDate "2022.08.15"]
[SourceVersion "1"]
[SourceVersionDate "2022.08.15"]
[SourceQuality "2"]

1. e4 e6 2. d4 d5 3. Nc3 Bb4 4. Nge2 dxe4 5. a3 Ba5 6. b4 Bb6 7. Nxe4 Nf6 8. Nxf6+ Qxf6 9. Be3 O-O 10. c4 c6 11. h4 e5 12. c5 Bc7 13. d5 cxd5 14. Qxd5 Nc6 15. Bg5 Qe6 16. Qxe6 Bxe6 17. b5 Nd4 18. Nxd4 exd4 19. Bd3 h6 20. Bd2 Rfe8 21. O-O Rad8 22. Rac1 g6 23. Bxh6 Be5 24. Rfe1 Bf6 25. Bg5 Kg7 26. c6 bxc6 27. Rxc6 Bxg5 28. hxg5 Rd5 29. f4 Bd7 30. Rxe8 Bxe8 31. Rc7 Bxb5 32. Bxb5 Rxb5 33. Rxa7 Rf5 34. g3 Rc5 35. Kf2 Rc3 36. a4 Ra3 37. a5 Ra2+ 38. Kf3 d3 39. a6 Kg8 40. Ra8+ Kg7 41. a7 Kh7 42. g4 Kg7 43. f5 gxf5 44. gxf5 Kh7 45. g6+ fxg6 46. f6 Ra1 47. f7 Rf1+ 48. Ke3 Rxf7 49. Rh8+ Kxh8 50. a8=Q+ Kg7 51. Kxd3 Rf5 52. Ke4 Rh5 53. Qe8 Rf5 54. Qe7+ Kg8 55. Qe6+ Kg7 56. Qe7+ Kg8 57. Qd7 Rh5 58. Qe8+ Kg7 59. Qe7+ Kh6 0-1

[Event "4NCL Congress"]
[Site "Harrogate ENG"]
[Date "2022.12.18"]
[Round "1.20"]
[White "Kaufman, Raymond"]
[Black "Williams, Justus"]
[Result "0-1"]
[WhiteElo "2174"]
[BlackElo "2425"]
[PlyCount "68"]
[GameId "2130307579315583"]
[EventDate "2022.01.21"]
[EventType "swiss"]
[EventRounds "5"]
[EventCountry "ENG"]
[SourceTitle "10 Days #709"]
[Source "ChessMix"]
[SourceDate "2023.01.01"]
[SourceVersion "1"]
[SourceVersionDate "2023.01.01"]
[SourceQuality "1"]

1. e4 c5 2. c3 Nf6 3. e5 Nd5 4. Nf3 e6 5. d4 cxd4 6. cxd4 d6 7. Bc4 Nb6 8. Bd3 N8d7 9. Bg5 Be7 10. Bxe7 Qxe7 11. Nc3 dxe5 12. dxe5 Nc5 13. Bc2 Bd7 14. O-O Rd8 15. Qe2 Bc6 16. Rad1 O-O 17. Nd4 Bd5 18. Qh5 g6 19. Qh6 Nc4 20. Nxd5 exd5 21. f4 f5 22. exf6 Rxf6 23. Rde1 Ne4 24. Nf3 Rdf8 25. Bxe4 dxe4 26. Ng5 e3 27. Rf3 Nd2 28. Rfxe3 Rxf4 29. g3 Rf1+ 30. Kg2 R8f2+ 31. Kh3 Qd7+ 32. Ne6 Rxe1 33. Rxe1 Rf6 34. Qe3 Nf3 0-1

[Event "4NCL Congress"]
[Site "Harrogate ENG"]
[Date "2022.12.19"]
[Round "2.28"]
[White "Saksham, Rautela"]
[Black "Kaufman, Raymond"]
[Result "1-0"]
[WhiteElo "2393"]
[BlackElo "2174"]
[PlyCount "80"]
[GameId "2130307579315628"]
[EventDate "2022.01.21"]
[EventType "swiss"]
[EventRounds "5"]
[EventCountry "ENG"]
[SourceTitle "10 Days #709"]
[Source "ChessMix"]
[SourceDate "2023.01.01"]
[SourceVersion "1"]
[SourceVersionDate "2023.01.01"]
[SourceQuality "1"]

1. e4 e6 2. d4 d5 3. e5 c5 4. c3 Nc6 5. Nf3 Bd7 6. Be2 Qb6 7. a3 f6 8. O-O fxe5 9. Nxe5 Nxe5 10. dxe5 Ne7 11. Re1 c4 12. Nd2 Nf5 13. Bh5+ g6 14. Bg4 Bc5 15. Qe2 O-O 16. Nf3 Rf7 17. Bg5 Raf8 18. Bf6 Nd6 19. Ng5 Rxf6 20. exf6 Rxf6 21. Rf1 Nf5 22. Qe5 Qd8 23. Ne4 dxe4 24. Qxc5 Qb6 25. Qe5 Rf7 26. Qxe4 Qxb2 27. Qxc4 h5 28. Bxf5 Rxf5 29. Rab1 Qxa3 30. Rxb7 Qd6 31. Qb4 Qd2 32. Qe7 Rf7 33. Qd8+ Kg7 34. Rxa7 Kh6 35. c4 Qd4 36. c5 e5 37. Rc7 Qd5 38. c6 Bxc6 39. Qxd5 Bxd5 40. Rxf7 Bxf7 1-0

[Event "4NCL Congress"]
[Site "Harrogate ENG"]
[Date "2022.12.20"]
[Round "4.29"]
[White "Plotkin, Victor"]
[Black "Kaufman, Raymond"]
[Result "1-0"]
[WhiteElo "2249"]
[BlackElo "2174"]
[PlyCount "81"]
[GameId "2130307579319800"]
[EventDate "2022.01.21"]
[EventType "swiss"]
[EventRounds "5"]
[EventCountry "ENG"]
[SourceTitle "10 Days #709"]
[Source "ChessMix"]
[SourceDate "2023.01.01"]
[SourceVersion "1"]
[SourceVersionDate "2023.01.01"]
[SourceQuality "1"]

1. e4 c5 2. Nf3 e6 3. b3 b6 4. Bb2 Bb7 5. d3 d6 6. g3 Nf6 7. Bg2 Be7 8. O-O O-O 9. Qe2 Nc6 10. Nbd2 Nd7 11. d4 Nxd4 12. Nxd4 cxd4 13. Bxd4 Qc7 14. c4 Rfe8 15. Rfd1 Rad8 16. Rac1 Qb8 17. Bc3 Bf6 18. Nb1 d5 19. Bxf6 Nxf6 20. e5 Nd7 21. f4 dxc4 22. Bxb7 Qxb7 23. Rxc4 Nc5 24. Rcd4 Rxd4 25. Rxd4 Rc8 26. Nc3 g6 27. Nb5 Qa6 28. Kf2 Rf8 29. b4 Nb7 30. Nd6 Qxe2+ 31. Kxe2 Rd8 32. Nb5 Rxd4 33. Nxd4 Kf8 34. Nc6 a5 35. bxa5 bxa5 36. Kd3 Ke8 37. Kc4 Kd7 38. Kb5 a4 39. Na5 Nd8 40. Kxa4 Kc7 41. Kb5 1-0

[Event "4NCL Congress"]
[Site "Harrogate ENG"]
[Date "2022.12.20"]
[Round "5.33"]
[White "Kaufman, Raymond"]
[Black "Tarini, Goyal"]
[Result "1/2-1/2"]
[WhiteElo "2174"]
[BlackElo "2223"]
[PlyCount "49"]
[GameId "2130307579319839"]
[EventDate "2022.01.21"]
[EventType "swiss"]
[EventRounds "5"]
[EventCountry "ENG"]
[SourceTitle "10 Days #709"]
[Source "ChessMix"]
[SourceDate "2023.01.01"]
[SourceVersion "1"]
[SourceVersionDate "2023.01.01"]
[SourceQuality "1"]

1. e4 c6 2. Nc3 d5 3. Nf3 dxe4 4. Nxe4 Nf6 5. Qe2 Nxe4 6. Qxe4 Nd7 7. d4 Nf6 8. Qh4 Bf5 9. c3 e6 10. Bc4 Be7 11. Bg5 O-O 12. O-O-O h6 13. Bxf6 Bxf6 14. Qf4 b5 15. Bd3 Qd5 16. Bxf5 exf5 17. Kb1 b4 18. cxb4 a5 19. b5 Qxb5 20. Rd2 Rfe8 21. Rc1 a4 22. Rc5 Qf1+ 23. Rc1 Qb5 24. Rc5 Qf1+ 25. Rc1 1/2-1/2

[Event "4NCL Congress"]
[Site "Harrogate ENG"]
[Date "2022.12.21"]
[Round "6.34"]
[White "Liang, Yu-Cheng"]
[Black "Kaufman, Raymond"]
[Result "1-0"]
[WhiteElo "2071"]
[BlackElo "2174"]
[PlyCount "49"]
[GameId "2130307579323970"]
[EventDate "2022.01.21"]
[EventType "swiss"]
[EventRounds "5"]
[EventCountry "ENG"]
[SourceTitle "10 Days #709"]
[Source "ChessMix"]
[SourceDate "2023.01.01"]
[SourceVersion "1"]
[SourceVersionDate "2023.01.01"]
[SourceQuality "1"]

1. d4 Nf6 2. c4 g6 3. Nc3 d5 4. cxd5 Nxd5 5. e4 Nxc3 6. bxc3 Bg7 7. Nf3 c5 8. Bb5+ Nc6 9. d5 Qa5 10. Rb1 a6 11. Bxc6+ bxc6 12. O-O O-O 13. dxc6 Be6 14. Bf4 Qxc3 15. c7 Rac8 16. Rb8 Qa5 17. Ng5 Qxa2 18. Qd8 Rfxd8 19. cxd8=Q+ Rxd8 20. Rxd8+ Bf8 21. Nxe6 h5 22. Rxf8+ Kh7 23. Rxf7+ Kg8 24. Rg7+ Kh8 25. Be5 1-0

[Event "Titled Tuesday 2022.01.18"]
[Site "chess.com INT"]
[Date "2022.01.18"]
[Round "2"]
[White "Kaufman, Raymond"]
[Black "Karacsonyi, Gellert"]
[Result "1-0"]
[WhiteElo "2255"]
[BlackElo "2333"]
[PlyCount "97"]
[GameId "2130307579353165"]
[EventDate "2022.01.18"]
[EventType "swiss (blitz)"]
[EventRounds "11"]
[EventCountry "NET"]
[SourceTitle "The Week in Chess 1420"]
[Source "Mark Crowther"]
[SourceDate "2022.01.24"]
[SourceVersion "1"]
[SourceVersionDate "2022.01.24"]
[SourceQuality "2"]

1. e4 c5 2. Nf3 Nc6 3. Bb5 g6 4. O-O Bg7 5. Re1 e5 6. Bxc6 dxc6 7. d3 Qe7 8. a3 f6 9. b4 Nh6 10. Be3 b6 11. bxc5 bxc5 12. h3 Nf7 13. Nbd2 Nd8 14. Nc4 Ne6 15. c3 O-O 16. Qa4 Bd7 17. Rab1 Nf4 18. Rb7 Qe6 19. Rd1 Nxg2 20. Rxd7 Nxe3 21. Rxg7+ Kxg7 22. Nxe3 Qxh3 23. Nh2 Qd7 24. d4 cxd4 25. cxd4 exd4 26. Rxd4 Qe6 27. Qd1 Rf7 28. Qd3 Rb8 29. Kg2 Rb3 30. Qc4 Qxc4 31. Rxc4 Rxa3 32. Rxc6 a5 33. Nd5 h5 34. Nf3 a4 35. Nd4 g5 36. Nf5+ Kg6 37. Rc8 Ra1 38. Nd6 Rd7 39. Rg8+ Rg7 40. Rf8 a3 41. Rxf6+ Kh7 42. Nf5 a2 43. Rh6+ Kg8 44. Ra6 Rb7 45. e5 h4 46. e6 h3+ 47. Kh2 Rb2 48. Nf6+ Kh8 49. Ra8+ 1-0

[Event "Titled Tuesday 2022.01.18"]
[Site "chess.com INT"]
[Date "2022.01.18"]
[Round "8"]
[White "Kaufman, Raymond"]
[Black "Leiva, G."]
[Result "1-0"]
[WhiteElo "2255"]
[BlackElo "2405"]
[PlyCount "85"]
[GameId "2130307579369976"]
[EventDate "2022.01.18"]
[EventType "swiss (blitz)"]
[EventRounds "11"]
[EventCountry "NET"]
[SourceTitle "The Week in Chess 1420"]
[Source "Mark Crowther"]
[SourceDate "2022.01.24"]
[SourceVersion "1"]
[SourceVersionDate "2022.01.24"]
[SourceQuality "2"]

1. e4 c5 2. Nf3 d6 3. Bb5+ Nd7 4. Ba4 a6 5. c4 Ngf6 6. O-O g6 7. Nc3 Bg7 8. d4 O-O 9. d5 Ne5 10. Nxe5 dxe5 11. Be3 Qc7 12. h3 Bd7 13. Bxd7 Nxd7 14. Qe2 Rab8 15. a3 f5 16. Bg5 Bf6 17. Bh6 Bg7 18. Bxg7 Kxg7 19. f4 exf4 20. exf5 Rxf5 21. Qxe7+ Rf7 22. Qe4 Qe5 23. Rae1 Re8 24. Qxe5+ Rxe5 25. d6 b6 26. Nd5 f3 27. gxf3 Rxe1 28. Rxe1 Rxf3 29. Re7+ Rf7 30. Re8 Nf6 31. Nxf6 Kxf6 32. Rb8 Ke6 33. Rxb6 a5 34. Rb5 Kxd6 35. Rxa5 Rf3 36. Rb5 Rxh3 37. b4 Rxa3 38. Rxc5 Rb3 39. Rd5+ Ke6 40. b5 Rb4 41. Rc5 h5 42. Rc6+ Kf5 43. b6 1-0

[Event "Titled Tuesday 2021.10.05"]
[Site "chess.com INT"]
[Date "2021.10.05"]
[Round "3"]
[White "Kaufman, Raymond"]
[Black "Diaz Perez, Michel Alejandro"]
[Result "0-1"]
[WhiteElo "2255"]
[BlackElo "2459"]
[PlyCount "118"]
[GameId "2130307582630428"]
[EventDate "2021.10.05"]
[EventType "swiss (blitz)"]
[EventRounds "11"]
[EventCountry "NET"]
[SourceTitle "The Week in Chess 1405"]
[Source "Mark Crowther"]
[SourceDate "2021.10.11"]
[SourceVersion "1"]
[SourceVersionDate "2021.10.11"]
[SourceQuality "2"]

1. e4 e5 2. Nf3 Nc6 3. d4 exd4 4. Nxd4 Nf6 5. Nxc6 bxc6 6. e5 Qe7 7. Qe2 Nd5 8. h4 a5 9. c4 Nb6 10. Bg5 Qe6 11. Nd2 Ba6 12. g3 Bb4 13. Bh3 Qxc4 14. Qxc4 Nxc4 15. O-O-O Nxd2 16. Bxd2 Bxd2+ 17. Rxd2 Rd8 18. Rhd1 Bc8 19. Rd3 d5 20. Bxc8 Rxc8 21. Rc3 Kd7 22. Rc5 Ra8 23. Rd3 Rhb8 24. Ra3 Rb5 25. Rac3 Rxc5 26. Rxc5 Ra6 27. f4 Ke6 28. a3 Kf5 29. b4 axb4 30. axb4 Kg4 31. b5 Rb6 32. bxc6 Kxg3 33. f5 Kxh4 34. e6 fxe6 35. fxe6 Rb8 36. Rxd5 Re8 37. Rd7 Rxe6 38. Rxc7 Rg6 39. Rc8 h5 40. c7 Rc6+ 41. Kd2 g5 42. Ke2 g4 43. Kf2 Rc2+ 44. Kf1 Kg3 45. Rh8 Rxc7 46. Rxh5 Rc1+ 47. Ke2 Kg2 48. Rh8 g3 49. Rh7 Rc8 50. Re7 Kg1 51. Ke1 g2 52. Re6 Rh8 53. Rg6 Re8+ 54. Kd2 Re5 55. Kd1 Kf2 56. Rf6+ Kg3 57. Rg6+ Kf3 58. Rf6+ Kg4 59. Rg6+ Rg5 0-1

[Event "Titled Tuesday 2021.10.05"]
[Site "chess.com INT"]
[Date "2021.10.05"]
[Round "4"]
[White "Veiga, Emerson de Sousa"]
[Black "Kaufman, Raymond"]
[Result "0-1"]
[WhiteElo "2072"]
[BlackElo "2255"]
[PlyCount "70"]
[GameId "2130307582634609"]
[EventDate "2021.10.05"]
[EventType "swiss (blitz)"]
[EventRounds "11"]
[EventCountry "NET"]
[SourceTitle "The Week in Chess 1405"]
[Source "Mark Crowther"]
[SourceDate "2021.10.11"]
[SourceVersion "1"]
[SourceVersionDate "2021.10.11"]
[SourceQuality "2"]

1. e4 c5 2. Nf3 e6 3. d4 cxd4 4. Nxd4 Nc6 5. Nc3 Qc7 6. Be3 a6 7. a3 Nf6 8. f4 d6 9. Qd2 Be7 10. Be2 O-O 11. O-O Nxd4 12. Bxd4 e5 13. Be3 exf4 14. Bxf4 Be6 15. Rad1 Rac8 16. Bxd6 Qb6+ 17. Kh1 Rfd8 18. e5 Bxd6 19. exd6 Qxb2 20. Rf3 Ng4 21. h3 Rxc3 22. Rxc3 Nf2+ 23. Kh2 Nxd1 24. Bxd1 h5 25. Bxh5 Rxd6 26. Qxd6 Qxc3 27. Qb8+ Kh7 28. Qxb7 Qe5+ 29. Kg1 Qxh5 30. Qxa6 Qd1+ 31. Kh2 Qxc2 32. a4 Bd5 33. Kg3 Qxg2+ 34. Kf4 Qf3+ 35. Ke5 Qe4+ 0-1

[Event "Titled Tuesday 2021.10.05"]
[Site "chess.com INT"]
[Date "2021.10.05"]
[Round "5"]
[White "Maksimenko, Viktor"]
[Black "Kaufman, Raymond"]
[Result "1-0"]
[WhiteElo "2181"]
[BlackElo "2255"]
[PlyCount "69"]
[GameId "2130307582634649"]
[EventDate "2021.10.05"]
[EventType "swiss (blitz)"]
[EventRounds "11"]
[EventCountry "NET"]
[SourceTitle "The Week in Chess 1405"]
[Source "Mark Crowther"]
[SourceDate "2021.10.11"]
[SourceVersion "1"]
[SourceVersionDate "2021.10.11"]
[SourceQuality "2"]

1. d4 Nf6 2. c4 g6 3. Nc3 d5 4. cxd5 Nxd5 5. e4 Nxc3 6. bxc3 Bg7 7. Bc4 c5 8. Ne2 O-O 9. O-O Nc6 10. Be3 b6 11. Rc1 Qc7 12. h4 Bg4 13. f3 Bd7 14. h5 Rac8 15. Qd2 cxd4 16. cxd4 Qd6 17. Rfd1 e5 18. d5 Na5 19. Bd3 Qa3 20. Ba6 Rxc1 21. Rxc1 Nb3 22. axb3 Qxa6 23. Rc7 Bb5 24. Nc3 Bd3 25. Bh6 Qa1+ 26. Kh2 Bxh6 27. Qxh6 Qe1 28. Qg5 f6 29. Qg4 Qe3 30. d6 f5 31. Qh4 g5 32. Qg3 fxe4 33. Nd5 Qd4 34. Qxg5+ Kh8 35. Qg7# 1-0

[Event "Titled Tuesday 2021.10.05"]
[Site "chess.com INT"]
[Date "2021.10.05"]
[Round "7"]
[White "Michel Coto, M."]
[Black "Kaufman, Raymond"]
[Result "0-1"]
[WhiteElo "2348"]
[BlackElo "2255"]
[PlyCount "66"]
[GameId "2130307582638856"]
[EventDate "2021.10.05"]
[EventType "swiss (blitz)"]
[EventRounds "11"]
[EventCountry "NET"]
[SourceTitle "The Week in Chess 1405"]
[Source "Mark Crowther"]
[SourceDate "2021.10.11"]
[SourceVersion "1"]
[SourceVersionDate "2021.10.11"]
[SourceQuality "2"]

1. d4 Nf6 2. c4 g6 3. Nc3 d5 4. Nf3 Bg7 5. cxd5 Nxd5 6. Bd2 O-O 7. e4 Nxc3 8. Bxc3 c5 9. d5 Bxc3+ 10. bxc3 e6 11. Be2 exd5 12. exd5 Bg4 13. O-O Re8 14. Re1 Nd7 15. Qd2 Qf6 16. d6 Rad8 17. Rad1 Bxf3 18. Bxf3 Rxe1+ 19. Rxe1 Ne5 20. Bxb7 Rxd6 21. Qe2 Re6 22. Qf1 Qe7 23. Be4 Ng4 24. f3 Nf6 25. Qc4 Qd6 26. Rf1 Qe5 27. Bd3 Qe3+ 28. Kh1 Nh5 29. Be4 Nf4 30. Qb3 Ne2 31. Qb2 Re5 32. Qc2 Ng3+ 33. hxg3 Rh5# 0-1

[Event "Titled Tuesday 2021.09.28"]
[Site "chess.com INT"]
[Date "2021.09.28"]
[Round "1"]
[White "Levitskiy, Andrey"]
[Black "Kaufman, Raymond"]
[Result "1-0"]
[WhiteElo "2329"]
[BlackElo "2255"]
[PlyCount "43"]
[GameId "2130307582834860"]
[EventDate "2021.09.28"]
[EventType "swiss (blitz)"]
[EventRounds "11"]
[EventCountry "NET"]
[SourceTitle "The Week in Chess 1404"]
[Source "Mark Crowther"]
[SourceDate "2021.10.04"]
[SourceVersion "1"]
[SourceVersionDate "2021.10.04"]
[SourceQuality "2"]

1. e4 c5 2. Nf3 e6 3. d4 cxd4 4. Nxd4 Nc6 5. Nc3 Qc7 6. g3 a6 7. Bg2 Nf6 8. O-O Be7 9. Re1 d6 10. Nxc6 bxc6 11. e5 dxe5 12. Rxe5 O-O 13. Bf4 Bd6 14. Rxe6 Bxf4 15. Rxc6 Qb8 16. gxf4 Qxf4 17. Rxf6 gxf6 18. Bxa8 Bg4 19. Nd5 Qg5 20. Nxf6+ Qxf6 21. Qxg4+ Kh8 22. Bg2 1-0

[Event "Titled Tuesday 2021.09.28"]
[Site "chess.com INT"]
[Date "2021.09.28"]
[Round "2"]
[White "Godzwon, Iwo"]
[Black "Kaufman, Raymond"]
[Result "1-0"]
[WhiteElo "2352"]
[BlackElo "2255"]
[PlyCount "105"]
[GameId "2130307582839010"]
[EventDate "2021.09.28"]
[EventType "swiss (blitz)"]
[EventRounds "11"]
[EventCountry "NET"]
[SourceTitle "The Week in Chess 1404"]
[Source "Mark Crowther"]
[SourceDate "2021.10.04"]
[SourceVersion "1"]
[SourceVersionDate "2021.10.04"]
[SourceQuality "2"]

1. c4 Nf6 2. Nf3 c5 3. Qa4 Nc6 4. Nc3 e6 5. e3 Be7 6. a3 O-O 7. Be2 d5 8. cxd5 exd5 9. d4 c4 10. O-O Bf5 11. b3 Bc2 12. Bd1 Bd3 13. Re1 a6 14. bxc4 dxc4 15. Be2 b5 16. Qd1 Bg6 17. Nd2 Bd6 18. Bf3 Rc8 19. Bb2 Re8 20. h3 h6 21. Rc1 Bb8 22. g3 Ne7 23. Bg2 Nf5 24. Nf1 h5 25. Na2 Ne4 26. Nc3 Nfd6 27. Nxe4 Nxe4 28. Ba1 Qd6 29. h4 Qxa3 30. Nd2 Nxd2 31. Qxd2 b4 32. d5 c3 33. Qe2 Be5 34. f4 Bd4 35. Qf2 Bf6 36. e4 b3 37. e5 b2 38. Rcd1 Be7 39. d6 bxa1=Q 40. Rxa1 Qb2 41. dxe7 c2 42. Rac1 Rxe7 43. f5 Bh7 44. Qf4 Qb6+ 45. Kh2 Rec7 46. f6 Qc5 47. Qg5 Qf8 48. e6 fxe6 49. Rxe6 Rf7 50. Bd5 Kh8 51. Qxh5 Rxf6 52. Be4 Rh6 53. Rxh6 1-0

[Event "Titled Tuesday 2021.09.28"]
[Site "chess.com INT"]
[Date "2021.09.28"]
[Round "3"]
[White "Kaufman, Raymond"]
[Black "Roque Sola, Gisela"]
[Result "1-0"]
[WhiteElo "2255"]
[BlackElo "2057"]
[PlyCount "35"]
[GameId "2130307582839079"]
[EventDate "2021.09.28"]
[EventType "swiss (blitz)"]
[EventRounds "11"]
[EventCountry "NET"]
[SourceTitle "The Week in Chess 1404"]
[Source "Mark Crowther"]
[SourceDate "2021.10.04"]
[SourceVersion "1"]
[SourceVersionDate "2021.10.04"]
[SourceQuality "2"]

1. e4 e6 2. d4 d5 3. e5 c5 4. c3 Nc6 5. Nf3 Nge7 6. Na3 cxd4 7. cxd4 Nf5 8. Nc2 Be7 9. Bd3 O-O 10. h4 a6 11. h5 Nb4 12. Nxb4 Bxb4+ 13. Kf1 Re8 14. a3 Bf8 15. b4 b5 16. g4 Ne7 17. Ng5 h6 18. Bh7+ 1-0

[Event "Titled Tuesday 2021.09.28"]
[Site "chess.com INT"]
[Date "2021.09.28"]
[Round "4"]
[White "Kaufman, Raymond"]
[Black "Pajeken, Jakob Leon"]
[Result "1-0"]
[WhiteElo "2255"]
[BlackElo "2387"]
[PlyCount "75"]
[GameId "2130307582843241"]
[EventDate "2021.09.28"]
[EventType "swiss (blitz)"]
[EventRounds "11"]
[EventCountry "NET"]
[SourceTitle "The Week in Chess 1404"]
[Source "Mark Crowther"]
[SourceDate "2021.10.04"]
[SourceVersion "1"]
[SourceVersionDate "2021.10.04"]
[SourceQuality "2"]

1. e4 e5 2. Nf3 Nc6 3. Bb5 a6 4. Ba4 Nf6 5. O-O Be7 6. d3 b5 7. Bb3 d6 8. c3 O-O 9. Nbd2 Na5 10. Bc2 c5 11. d4 cxd4 12. cxd4 Nc6 13. d5 Nb4 14. Bb1 a5 15. Re1 Na6 16. Nf1 Nc5 17. Ng3 g6 18. Be3 Nfd7 19. Qd2 f6 20. h3 b4 21. Bc2 Ba6 22. Nh2 h5 23. f4 exf4 24. Bxf4 Ne5 25. Nf3 Ncd7 26. Nd4 Qb6 27. Kh2 h4 28. Nf1 g5 29. Nf5 gxf4 30. Nxe7+ Kf7 31. Nf5 f3 32. Qh6 Ke8 33. Qg7 Kd8 34. Ba4 Qf2 35. Qe7+ Kc7 36. Qxd6+ Kb7 37. Bc6+ Ka7 38. Qc7+ 1-0

[Event "Titled Tuesday 2021.09.28"]
[Site "chess.com INT"]
[Date "2021.09.28"]
[Round "7"]
[White "Desideri, Ricardo Maruchi"]
[Black "Kaufman, Raymond"]
[Result "0-1"]
[WhiteElo "1939"]
[BlackElo "2255"]
[PlyCount "46"]
[GameId "2130307582851591"]
[EventDate "2021.09.28"]
[EventType "swiss (blitz)"]
[EventRounds "11"]
[EventCountry "NET"]
[SourceTitle "The Week in Chess 1404"]
[Source "Mark Crowther"]
[SourceDate "2021.10.04"]
[SourceVersion "1"]
[SourceVersionDate "2021.10.04"]
[SourceQuality "2"]

1. e4 c5 2. Nf3 Nc6 3. d4 cxd4 4. Nxd4 Nf6 5. Nc3 e5 6. Ndb5 d6 7. Nd5 Nxd5 8. exd5 Nb8 9. c4 Be7 10. Qa4 O-O 11. Be3 f5 12. f3 a6 13. Nc3 Bg5 14. Bf2 Nd7 15. h4 Bh6 16. Be2 e4 17. fxe4 Ne5 18. exf5 Bxf5 19. c5 Nd3+ 20. Bxd3 Bxd3 21. Kd1 Rxf2 22. Qd4 Rd2+ 23. Ke1 Qe7+ 0-1